Statistics for New Zealand National Schools Rugby Champions

Click here to take the quiz!

General Stats

  • This quiz has been taken 79 times
    (8 since last reset)
  • The average score is 10 of 18

Answer Stats

YearSchool% Correct
1992Auckland Grammar School
100%
2014 (shared)Hamilton Boys High School
100%
2015Rotorua Boys High School
100%
2011Kelston Boys High School
86%
1998 (shared)Otago Boys High School
86%
2006Christchurch Boys High School
71%
2016Mount Albert Grammar School
71%
2007Gisborne Boys High School
57%
2023Southland Boys High School
57%
2000St Peters College
57%
1991St Stephen's School
57%
1984Te Aute College
57%
2004 (shared)Wesley College
43%
2002(shared)Napier Boys High School
29%
2012St Kentigern College
29%
2017Hastings Boys High School
14%
2008 (shared)De La Salle
0%
2014Scots College
0%

Score Distribution

Percentile by Number Answered

Percent of People with Each Score

Your Score History

You have not taken this quiz since the last reset